Frontera geográfica y frontera vital: feminicidios en México /
En este artículo la autora establece la relación estrecha entre los cambios globales, la autonomía de los estados locales y el fenómeno de las fronteras; específicamente aborda la condición de violencia y asesinato que viven las mujeres en estos espacios de interacción. La feminización de la migraci...
Uloženo v:
| Hlavní autor: | |
|---|---|
| Médium: | Text |
| Jazyk: | Spanish |
| Témata: | |
| Tagy: |
Přidat tag
Žádné tagy, Buďte první, kdo vytvoří štítek k tomuto záznamu!
|
MARC
| LEADER | 00000 a a2200000 04500 | ||
|---|---|---|---|
| 001 | 45188 | ||
| 003 | cru CIDCACS/IIS | ||
| 005 | 20180519062532.0 | ||
| 008 | 180420b ||||| |||| 00| 0 spa d | ||
| 999 | |c 34241 |d 34241 | ||
| 040 | |c cru CIDCACS/IIS | ||
| 100 | |a Cárdenas Méndez, Eliana | ||
| 245 | |a Frontera geográfica y frontera vital: |b feminicidios en México / |c Eliana Cárdenas Méndez | ||
| 520 | |a En este artículo la autora establece la relación estrecha entre los cambios globales, la autonomía de los estados locales y el fenómeno de las fronteras; específicamente aborda la condición de violencia y asesinato que viven las mujeres en estos espacios de interacción. La feminización de la migración es uno de los fenómenos más recientes vinculado a repercusiones como el tráfico de migrantes o tráfico de personas, que convierte a las mujeres en un sector vulnerable. Se establece el desarrollo de dos estructuras socioeconómicas que sustentan la demanda de manos de obra femenina: la maquila en la frontera norte de México y el turismo en la frontera sur. Para el caso del norte, llama la atención sobre el problema de los feminicidios o las muertas de ciudad Juárez, pues las cifras imponen la necesidad de hablar y la protección por parte del Estado. En el sur, existe el riesgo permanente de enfrentamientos con la Mara Salvatrucha. También en el auge turísticos existen conflictos de trata de blancas y el turismo sexual, así como la pederastia, fenómenos ligados a la actividad económica de Cancún o Playa del Carmen. Se aborda el concepto de frontera para establecer un principio que tiene sentido de realidad inobjetable; estas marcan diferencias, rompen la continuidad y señalan lo distinto, sin embargo también conlleva un sentido asimétrico. KDV/200418 | ||
| 590 | |a DISEMINAR082013 | ||
| 650 | 1 | 0 | |9 6043 |a FRONTERAS |
| 650 | 0 | |9 7019 |a HOMICIDIO | |
| 650 | 0 | |9 6306 |a MAQUILA | |
| 650 | 1 | 0 | |9 896 |a VIOLENCIA CONTRA LAS MUJERES |
| 650 | 1 | 0 | |9 2142 |a DESARROLLO ECONOMICO |
| 650 | 1 | 0 | |9 36 |a MIGRANTES |
| 650 | 1 | 0 | |9 40 |a TRAFICO DE MIGRANTES |
| 650 | 1 | 0 | |9 1265 |a TURISMO |
| 650 | 1 | 0 | |9 299 |a MIGRACION |
| 651 | 1 | 0 | |a MEXICO |9 3410 |
| 773 | |g páginas 127-147 | ||
| 942 | |2 ddc |c LI | ||
